[Event "Harplinge"]
[Site "Harplinge"]
[Date "1998.08.17"]
[Round "3"]
[White "Sjodahl, Pontus"]
[Black "Hansen, Curt"]
[Result "1/2-1/2"]
[WhiteElo "2420"]
[BlackElo "2610"]
[Annotator "Huzman,A"]
[PlyCount "96"]
[EventDate "1998.08.15"]
[EventType "tourn"]
[EventRounds "9"]
[EventCountry "SWE"]
[EventCategory "12"]
[SourceTitle "CBM 067"]
[Source "ChessBase"]
[SourceDate "1998.11.30"]
[SourceVersion "2"]
[SourceVersionDate "1998.11.01"]
[SourceQuality "1"]

1. d4 d5 2. c4 dxc4 3. e4 Nf6 4. e5 Nd5 5. Bxc4 Nb6 6. Bd3 Nc6 7. Ne2 Bg4 8. f3
Be6 9. Nbc3 Qd7 10. Ne4 Bd5 (10... O-O-O 11. Nc5 Qe8 12. Nxe6 fxe6 13. Be3 Nd5
14. Bd2 Nb6 15. Bc3 $16 {1-0 Sorin,A-Ricardi,P/ARG-ch plof 1995 (35)}) (10...
Nb4 11. Bb1 Na6 12. O-O Bc4 13. Re1 O-O-O 14. Be3 f5 15. exf6 exf6 16. a3 f5
17. Nd2 Bf7 18. Bd3 Nb8 19. b4 $36 {1-0 Chetverik,M-Tregubov,P/RUS-chT 1995 
(42)}) 11. Nc5 (11. O-O e6 12. Bg5 $1 Nb4 13. Bb1 Bc4 14. Re1 Nc6 15. N4c3 Be7
16. Bxe7 Nxe7 17. Be4 O-O-O $6 18. a4 f5 19. a5 $1 Nbd5 20. Bd3 Bxd3 21. Qxd3
$16 {1-0 Shabalov,A-Drasko,M/Pula 1989 (51)}) 11... Qc8 12. O-O (12. a3 e6 13.
b4 (13. Qc2 Bxc5 14. Qxc5 (14. dxc5 Nd7 15. f4 Bxg2 16. Rg1 Bf3 17. Rxg7 Bxe2 (
17... Qd8 18. Be3 Qh4+ 19. Rg3 O-O-O 20. Nc3 Ndb8 21. Bf1 Bg4 22. Qf2 Bf5 23.
b4 a6 24. b5 axb5 25. Nxb5 Rhg8 26. Rxg8 Qxf2+ 27. Kxf2 Rxg8 $11 {Dreev,
A-Salov,V/President's Cup 1998/1/2-1/2 (71)}) 18. Bxe2 Nd4 19. Qc4 Nxe2 20.
Qxe2 Nf8 21. Be3 Qd7 22. Rd1 Qc6 23. Kf2 Ng6 24. Qh5 Rf8 25. Rxh7 $16 {Grigore,
G-Moutousis,K/Balkaniad 1992/1/2-1/2 (66)}) 14... Qd7 15. b4 (15. O-O a6 (15...
Qe7 16. Qc2 Qd7 17. Bd2 Ne7 18. Rac1 Bc6 19. Be3 Nbd5 20. Bf2 Bb5 21. Ng3 Bxd3
22. Qxd3 O-O $11 {Bukic,E-Petrosian,T/Banjaluka 1979/0-1 (63)}) 16. Qc3 f5 (
16... Ne7 17. b3 Bc6 18. a4 f5 19. exf6 gxf6 20. Ba3 O-O-O 21. Bc5 Ned5 22. Qd2
Qg7 23. Rae1 Nd7 24. Ba3 Rhg8 $132 {Vyzmanavin,A-Meister,Y/Cheliabinsk 1990/1/
2-1/2 (70)}) (16... O-O 17. Be3 Ne7 18. Qc2 h6 19. Ng3 Bc6 20. Rfd1 Nbd5 21.
Bf2 Nf4 22. Be4 Ned5 $11 {1/2-1/2 Vyzmanavin,A-Yakovich,Y/Cheliabinsk 1990 (24)
}) 17. exf6 gxf6 18. Bf4 O-O 19. b4 Na4 20. Qd2 Kh8 21. b5 axb5 22. Bxb5 Rg8
23. Bg3 Qg7 24. Nf4 $16 {1/2-1/2 Gulko,B-Chandler,M/OHRA 1987 (51) >< e6})
15... a6 16. Bg5 (16. Qc2 Ne7 17. Bg5 Bc6 18. Bxe7 Qxe7 19. O-O Bb5 20. f4 Nd5
21. Rf3 Qd7 22. f5 Bxd3 23. Qxd3 exf5 24. Rxf5 O-O-O 25. Raf1 f6 26. exf6 Nxf6
$15 {0-1 Arencibia,W-Yakovich,Y/Bayamo 1990 (63)}) 16... Nc4 17. b5 axb5 18.
Qxb5 N6xe5 19. Qxd7+ Nxd7 $17 {Razuvaev,Y-Yakovich,Y/Sochi 1986/0-1 (52)})
13... a5 14. Rb1 axb4 15. axb4 Ba2 16. Rb2 Bc4 17. O-O Bxc5 18. dxc5 Bxd3 19.
Qxd3 Nd5 20. Qe4 Ra4 21. Qg4 Kf8 22. Bd2 Nxe5 23. Qe4 Ng6 24. Nc3 Nxc3 25. Bxc3
f6 $17 {1/2-1/2 Miles,A-Seirawan,Y/Niksic 1983 (46)}) (12. Be3 e6 13. Rc1 Nb4
14. a3 Nxd3+ 15. Qxd3 Nd7 (15... Bc6 16. O-O a6 17. Bg5 Bb5 18. Qe4 Nd5 19. a4
Bxe2 20. Qxe2 h6 21. Bd2 b6 22. Ne4 Qd7 $11 {1-0 Comas Fabrego,L-De la Villa
Garcia,J/Pamplona 1995 (45)}) 16. Ne4 Qd8 17. O-O Be7 18. f4 Nb6 19. N2g3 h5 $5
20. f5 h4 21. Ne2 exf5 22. Rxf5 Qd7 23. Nf4 $1 Bc4 $1 24. Qc2 O-O-O 25. d5 $1
$36 {Ftacnik,L 1/2-1/2 Meulders,R-Van der Sterren,P/Lyon zt 1990 (32)}) 12...
e6 {[%csl Rc5][%cal Yc6e5]} 13. Ne4 (13. Be3 Bxc5 14. dxc5 Nc4 $15) 13... Be7
14. Qe1 {[%cal Ge1g3,Gg3g7]} Qd7 $1 (14... O-O 15. Qg3 Kh8 16. Qh3 $40) 15. Qg3
O-O-O {[%csl Rd4]} 16. Qxg7 (16. Nc5 Qe8 {[%csl Rc5][%cal Yc6d4]}) 16... Rhg8
$1 (16... Nxd4 17. Nxd4 Bxe4 18. Bxe4 Qxd4+ 19. Kh1 {[%csl Rf7]}) 17. Qh6 (17.
Qxf7 $2 Nxe5 18. dxe5 Bc5+ $19) (17. Qxh7 Rh8 18. Qg7 Rdg8 19. Qxf7 Nxe5 $17)
17... Nxd4 $1 $36 {[%cal Yg8g1,Yd8d3]} 18. N2c3 (18. Nxd4 Bxe4 19. Bxe4 Qxd4+
20. Be3 Qxe5 $17) 18... Nf5 (18... Bc4 $1 19. Bxc4 (19. Qd2 Qc6 $1 $17) 19...
Nxc4 {[%cal Yc4e5]} 20. f4 Nc2 $17) 19. Qh5 Bxe4 20. Bxe4 Qd4+ (20... Nc4 $5
21. f4 Bc5+ 22. Kh1 Nfe3 23. Bxe3 Nxe3 24. Qf3 $1 (24. Rfc1 Ng4 $19) 24... Nxf1
(24... c6 25. Rf2 $132) 25. Bxb7+ Kb8 26. Rxf1 Qd3 $15) 21. Kh1 Qxe5 {[%cal
Yf5g3,Ye5h5]} 22. g4 (22. Qxf7 $2 Rg7 23. Bf4 Qxe4 24. fxe4 Rxf7 $17) 22... Qg7
23. Bxf5 exf5 24. Qxf5+ Kb8 $15 {/=} 25. Bf4 Qg6 (25... Bd6 26. Bxd6 Rxd6 27.
Rae1 $132 {[%cal Ge1e7]}) 26. Qxg6 fxg6 27. Rae1 (27. Rfe1 $5 Bf6 28. Rad1 $11)
27... Bf6 28. Be5 Bxe5 29. Rxe5 Rd2 30. Rfe1 $5 (30. b3 Rgd8 $15) 30... Rxb2
31. Re8+ Rxe8 32. Rxe8+ Nc8 33. f4 $1 (33. Nd5 c5 (33... c6 34. Ne7 Kc7 35.
Nxc8 (35. Rxc8+ Kd7 $17) 35... Kd7 36. Rf8 Rxa2 37. f4 c5 38. f5 gxf5 39. gxf5
c4 40. f6 c3 41. f7 c2 42. Nb6+ (42. Rd8+ Kc7 $17) 42... Ke6 $19) 34. Ne7 Kc7
35. Rxc8+ (35. Nxc8) 35... Kd7 36. Rxc5 Kxe7 $17 {[%csl Rh1]} 37. Rc7+ $132)
33... b5 $1 (33... Rd2 34. f5 gxf5 35. gxf5 c6 (35... Rd7 36. f6 {[%cal Gc3d5,
Gd5e7]} c6 37. Ne4 Kc7 38. f7 Rxf7 39. Rxc8+ $18)) (33... c6 34. f5 gxf5 35.
gxf5 Kc7 36. f6 Rf2 (36... Nd6 37. f7 $16 {/+-}) 37. Ne4 Rf4 38. f7 Rxf7 39.
Rxc8+ $18) 34. f5 gxf5 35. gxf5 Rf2 36. Rf8 (36. Nxb5 Kb7 (36... Rxf5 37. Nxa7
$15) 37. Rf8 a6 38. Nc3 Nd6 39. f6 Kc6 $15 {/-/+}) 36... Kb7 (36... a6 37. Nd5
Kb7 38. Rf7 $132) 37. Kg1 Rf4 38. Nxb5 a6 39. Nc3 Ne7 (39... Nd6 $5 40. f6 Kc6
$15) 40. Rf7 Nxf5 41. Nd5 $11 Rg4+ 42. Kf2 Nh4 43. Rxc7+ Kb8 44. Rxh7 Rg2+ 45.
Ke3 Rxh2 46. Kd3 Nf3 47. Re7 Rxa2 48. Nb4 Ra4 1/2-1/2

[Event "VAM Hoogeveen"]
[Site "Hoogeveen"]
[Date "1997.10.15"]
[Round "4"]
[White "Van Wely, Loek"]
[Black "Sutovsky, Emil"]
[Result "1/2-1/2"]
[WhiteElo "2655"]
[BlackElo "2590"]
[Annotator "Huzman,A"]
[PlyCount "135"]
[EventDate "1997.10.11"]
[EventType "tourn"]
[EventRounds "6"]
[EventCountry "NED"]
[EventCategory "14"]
[SourceTitle "CBM 062"]
[Source "ChessBase"]
[SourceDate "1998.01.31"]
[SourceVersion "1"]
[SourceVersionDate "1998.01.31"]
[SourceQuality "1"]

1. d4 d5 2. c4 dxc4 3. e4 e5 4. Nf3 exd4 5. Bxc4 Nc6 6. O-O Be6 7. Bxe6 fxe6 8.
Qb3 Qd7 9. Qxb7 Rb8 10. Qa6 Nf6 11. Nbd2 Bb4 12. Nc4 O-O 13. a3 Bc5 14. b4 Nxe4
$1 $146 (14... Bb6 15. b5 Ne7 16. Nfe5 Qe8 17. a4 (17. Re1 Ng6 18. Nd3 (18. Nc6
Nh4 19. Qa4 Qh5 20. h3 Rbe8 21. Nxb6 Qg6 22. g3 Nf3+ 23. Kf1 Nxe1 24. Bf4 Nd3
25. Qxd4 Nxf4 26. Nc8 Qxe4 27. N8e7+ Rxe7 28. Nxe7+ Kf7 29. Qxe4 Nxe4 30. Nc6
Nd5 31. Nxa7 Ra8 32. Nc6 Ne7 33. Kg2 Ra4 34. Re1 Kf6 35. Re3 {0-1 Iskusnyh,
S-Rublevsky,S/RUS-ch 1995/CBM 50/[Chekhov]}) 18... Nh4 19. Bf4 Nxe4 20. Bg3
Nxg3 21. hxg3 Nf5 22. a4 Ne3 23. Nce5 Nc2 24. Nc6 Nxa1 25. Rxa1 Ra8 26. Re1 e5
27. Rxe5 Qf7 28. a5 Qb3 29. Ncb4 Rae8 30. Rxe8 Rxe8 31. Kh2 Qf7 32. axb6 Qh5+
33. Kg1 Qd1+ 34. Kh2 Qh5+ {1/2-1/2 Karpov,A-Anand,V/Dos Hermanas 1997/CBM 59/
[Anand]}) 17... Nxe4 18. Ba3 Nd5 19. Bxf8 Kxf8 20. Nd3 Nd6 21. Nxd6 cxd6 22.
Rac1 Qd8 23. a5 Bxa5 24. Qxa7 Bc3 25. Qa2 Rxb5 26. Qe2 Qe8 27. Rb1 e5 28. Rxb5
Qxb5 29. f4 Ne3 30. fxe5+ Nxf1 31. Qxf1+ Ke7 32. exd6+ {1/2-1/2 Karpov,A-Anand,
V/Dortmund 1997/CBM 60/[Huzman]}) 15. Re1 (15. bxc5 Rxf3 $1 (15... Nxc5 16.
Nfe5 Nxe5 17. Nxe5 Qd5 18. Qe2 Ne4 19. f4 c5 20. Re1 Nc3 21. Qc4 $16) 16. Na5
Nxa5 17. gxf3 Nb3 18. fxe4 (18. Rb1 Nexc5 19. Qe2 Qd5 $17) 18... Nxa1 19. Qxa7
Rf8 $17) 15... Qd5 16. Rxe4 (16. Ncd2 Nxd2 17. Bxd2 Bd6 $17 {[%cal Yf8f3]})
16... Qxe4 17. Ncd2 $8 (17. bxc5 $2 Rb1 $19) 17... Qd5 18. bxc5 Qxc5 $15 19.
Qc4 (19. Qd3 Qc3 20. Qxc3 dxc3 21. Ne4 Rfd8 $1 (21... c2 {[%cal Yb8b1]} 22. Ra2
Rxf3 $5 23. gxf3 Nd4 24. Rb2 Rxb2 25. Bxb2 Ne2+ 26. Kf1 c1=Q+ 27. Bxc1 Nxc1 28.
Ng5 e5 29. Ne6 c6 30. Nd8 c5 31. Nc6 c4 32. Nxa7 c3 33. Ke1 $11) 22. Nxc3 Rb3
23. Bg5 Rxc3 24. Bxd8 Nxd8 $17) 19... Qxc4 (19... Qd5 $5) 20. Nxc4 Rf5 $1 {
[%cal Yf5c5,Yf5b5]} (20... Rb3 $5 {[%cal Yf8b8,Yb8b1]} 21. Kf1 Rfb8 22. Ke2 $15
) 21. Kf1 Rc5 22. Nfd2 {[%cal Gf1e2]} d3 23. f3 $1 {Van Wely create fortness
with his last move and now very difficult for black improve position.} (23. Bb2
$2 Na5 24. Nxa5 Rxb2 25. Nac4 Rc2 $19) 23... Nd4 {[%cal Yd4b3]} 24. Kf2 Rbb5 (
24... a5 $5) 25. f4 {[%cal Gc4e5,Ge5d3]} a5 $1 {[%cal Ya5a4,Yd4b3]} 26. a4 (26.
Ne5 $2 Rc2 27. Ke3 Rxd2 $19) 26... Rb4 27. Ne5 Rc3 (27... Rc2 $5 28. Ke1 (28.
Nxd3 Nb3 29. Nxb4 axb4 30. Rb1 Nxc1 31. Ke3 Rc3+ 32. Ke4 Nd3 $17) 28... Rc3 $17
) 28. Ba3 $1 Rxa4 (28... Rb7 29. Ne4 {[%cal Ge4c5]} Rc2+ 30. Ke3 d2 31. Kxd4
Ra2 32. Rd1 Rxa3 33. Nc4 $1 $14) 29. Bb2 Rxa1 30. Bxc3 Ra2 31. Nec4 {[%cal
Gc4a5,Gc3a5,Gc3d4]} (31. Nxd3 $2 Rc2 32. Bxd4 (32. Bxa5 Nb3 $19) 32... Rxd2+
33. Ke3 Rxg2 $19) 31... Nb3 (31... Nc2 32. Nxa5 $15 {/=}) 32. Ke3 Nxd2 (32...
a4 33. Kxd3 $15) 33. Nxd2 h5 {[%cal Yg8h7,Yh7f5]} 34. Kxd3 Kh7 35. g3 a4 36. h3
Kh6 37. Be5 Ra3+ 38. Bc3 Ra2 39. Be5 c6 40. Bc3 g6 41. h4 (41. Kc4 $5 Rc2 42.
h4) 41... Kh7 42. Kc4 Kg8 43. Kb4 Rc2 44. Ne4 Re2 {[%csl Rg3]} 45. Nd6 Re3 46.
Bf6 {[%csl Rg8]} Rxg3 47. Nc4 $6 (47. Kxa4 Rd3 48. Nc4 $15) 47... a3 $1 48.
Nxa3 c5+ 49. Ka4 Kf7 50. Bd8 $6 (50. Bg5 e5 $5 51. fxe5 Rxg5 (51... Ke6 $5 52.
Bf6 g5 53. Bxg5 Rxg5 (53... Kxe5 $142 54. Nc4+ Kd4 $15) 54. hxg5 h4 55. g6 h3
56. Nb5 h2 57. Nc7+ $11) 52. hxg5 h4 53. Nc4 h3 54. Nd6+ Ke6 55. Ne4 h2 56. Nf2
$11) 50... Ke8 51. Bf6 Rg4 52. Kb5 (52. Bg5 e5 $17 {[%cal Yg4a4]}) 52... Rxf4
53. Bg5 Rf5 54. Nc4 Kd7 55. Be3 e5 56. Kxc5 Ke6 $15 57. Nd2 $1 Rf8 58. Kc4 {
[%cal Gc4d3]} Rd8 $1 {[%cal Yd8d1,Ye6f5,Yf5g4]} 59. Ne4 Kf5 60. Nf2 $1 e4 61.
Kc3 Ke5 62. Kc2 Ra8 63. Kd1 $11 Ra1+ 64. Ke2 Kd5 65. Kd2 Ra2+ 66. Ke1 Ra8 67.
Ke2 Rf8 68. Bh6 1/2-1/2

[Event "EU-chT (Men) 11th"]
[Site "Pula"]
[Date "1997.05.??"]
[Round "7.2"]
[White "Huebner, Robert"]
[Black "Sulskis, Sarunas"]
[Result "1-0"]
[WhiteElo "2600"]
[BlackElo "2525"]
[Annotator "Huzman,A"]
[PlyCount "119"]
[EventDate "1997.05.05"]
[EventType "team-swiss"]
[EventRounds "9"]
[EventCountry "CRO"]
[SourceTitle "CBM 057 Extra"]
[Source "ChessBase"]
[SourceDate "1997.05.01"]
[SourceVersion "1"]
[SourceVersionDate "1997.05.01"]
[SourceQuality "1"]
[WhiteTeam "Germany"]
[BlackTeam "Lithuania"]
[WhiteTeamCountry "GER"]
[BlackTeamCountry "LTU"]

1. d4 d5 2. c4 dxc4 3. e4 Nf6 4. e5 Nd5 5. Bxc4 Nb6 6. Bd3 Nc6 7. Be3 Nb4 8.
Be4 f5 9. exf6 exf6 10. Nc3 f5 11. Bb1 N4d5 12. Nf3 Bb4 13. Bd2 Be7 (13... O-O
14. Nxd5 Bxd2+ 15. Qxd2 Nxd5 16. O-O $16 {[%csl Re5]}) 14. O-O O-O 15. Re1 Bf6
16. a3 {[%cal Yb1a2]} Kh8 17. Ba2 f4 18. Ne5 f3 19. Nxd5 (19. Nxf3 Bg4 (19...
Nxc3 20. Bxc3 Bg4 21. Bb4 $16) 20. Ne4 (20. Nxd5 Nxd5 21. h3 (21. Qb3 Bxf3 22.
gxf3 Bg5 $1 $44) 21... Bxf3 22. Qxf3 Bxd4 23. Qxd5 Bxf2+ 24. Kh1 Qxd5 25. Bxd5
Bxe1 26. Rxe1 Rad8 27. Bb4 c5 28. Bxc5 Rf5 $17) 20... Bxf3 (20... Bxd4 21. Bg5)
21. Qxf3 Bxd4 22. Qd3 Nf6 $11) 19... Nxd5 20. Nf7+ Rxf7 21. Bxd5 Rf8 (21... Rd7
22. Bxf3 Rxd4 (22... Bxd4 23. Qe2 Qg8 24. Bf4 c6 25. Rad1 $14) 23. Qe2 $16 {
[%cal Gd2c3]}) 22. Bxf3 Bxd4 (22... Qxd4 23. Bb4 (23. Bc3 Qb6) (23. Rc1 c6 24.
Bb4 Rd8 25. Qxd4 Bxd4 26. Be7 Rg8) 23... c5 24. Qxd4 Bxd4 25. Bc3 $1 $16 {
[%cal Ge1e7]}) 23. Bc3 $1 Bxc3 24. Qxd8 Rxd8 25. bxc3 $16 {[%cal Ge1e7]} Rb8
26. Re7 Bd7 27. h4 (27. Rae1 b6 28. h4 (28. Rf7 Re8 29. Rd1 Ba4 30. Rc1) 28...
Re8 29. R1e3 Rxe7 30. Rxe7 Rd8) (27. Rd1 Bc6 28. Rxd8+ Rxd8 29. Rxc7 h6 30. Kf1
Bxf3 31. gxf3 b5 32. Ke2 Re8+ 33. Kd3 Rd8+ 34. Ke4 Re8+ 35. Kd5 Rf8 $14) 27...
h6 28. h5 {[%csl Rg7,Rh6,Yh8]} c5 29. g4 a5 30. Rd1 Bc6 31. Rxd8+ Rxd8 32. Bxc6
bxc6 {[%cal Rd8d3]} 33. Re4 $1 {[%cal Ge4a4,Re4c4]} Rd2 34. Kg2 Ra2 35. Ra4 Rc2
36. Rc4 Ra2 37. Ra4 Rc2 38. Rc4 Ra2 39. a4 $1 Kg8 40. Kf3 Kf7 41. Ke3 Ke6 42.
Rxc5 Rxa4 43. Rxc6+ {[%csl Rg7,Rh6]} Kf7 44. f3 Ra1 45. Ra6 a4 46. Kd4 a3 47.
Kc4 $1 Rf1 (47... a2 48. Kb3 Rf1 49. Rxa2 Rxf3 50. Ra7+ Kf6 51. Ra6+ $18 {
[%cal Ya6g6]}) 48. Rxa3 Rxf3 49. Ra7+ Kf8 (49... Kf6 50. Ra6+) 50. Rd7 $1 {
[%cal Yd7d4]} Rg3 51. Rd4 Ke7 52. Kb4 Ke6 53. c4 Ke5 54. Kc5 Rg1 55. Rd5+ Kf4 (
55... Ke6 56. Rd6+ Ke5 57. Rg6 $18) 56. Kd6 $1 Kxg4 57. c5 $18 g5 58. c6 Ra1
59. c7 Ra6+ 60. Kc5 1-0

[Event "EU-chT (Men) 11th"]
[Site "Pula"]
[Date "1997.05.??"]
[Round "5.1"]
[White "Timman, Jan H"]
[Black "Kortschnoj, Viktor Lvovich"]
[Result "1-0"]
[WhiteElo "2630"]
[BlackElo "2635"]
[Annotator "Huzman,A"]
[PlyCount "73"]
[EventDate "1997.05.05"]
[EventType "team-swiss"]
[EventRounds "9"]
[EventCountry "CRO"]
[SourceTitle "CBM 057 Extra"]
[Source "ChessBase"]
[SourceDate "1997.05.01"]
[SourceVersion "1"]
[SourceVersionDate "1997.05.01"]
[SourceQuality "1"]
[WhiteTeam "Netherlands"]
[BlackTeam "Switzerland"]
[WhiteTeamCountry "NED"]
[BlackTeamCountry "SUI"]

1. d4 d5 2. c4 dxc4 3. e4 Nf6 4. e5 Nd5 5. Bxc4 Nb6 6. Bd3 Nc6 7. Be3 g6 8. Nc3
Bg7 (8... Nb4 9. Be4 Bf5 $5 10. Bxf5 gxf5 11. e6 fxe6 12. a3 N4d5 13. Qh5+ Kd7
14. Nf3 Bg7 $132) 9. Nge2 O-O 10. Be4 {[%csl Rd5]} (10. h4 $5) 10... Nb4 11.
Qb3 a5 12. Nf4 $1 $16 {[%csl Rd5]} e6 13. a3 N4d5 (13... Nc6 14. Rd1 $16) 14.
Nfxd5 exd5 15. Bxd5 (15. Nxd5 $4 Be6 $19) 15... a4 16. Qa2 Ra5 (16... Nxd5 17.
Qxd5 $16) 17. Bc4 (17. Bf3 Be6 18. Qb1 Bc4 $44) 17... Nxc4 18. Qxc4 b6 (18...
Be6 19. Qb4 Rc5 (19... c5 20. dxc5 Bxe5 21. Rd1 $16)) 19. O-O-O Bb7 20. f3 Qd7
21. Rd2 (21. h4 $5) 21... Ba6 22. Qa2 Rb8 23. h4 b5 24. Nd5 {[%csl Yb4]} Bb7
25. Nb4 Bf8 26. d5 $1 (26. h5 $2 Bxb4 27. axb4 Bd5 $132) 26... Qf5 27. h5 (27.
e6 Re8 $132) 27... Bxb4 (27... Qxe5 28. Bd4 Qd6 29. hxg6 Qxg6 (29... fxg6 30.
Nc6 $18) 30. Be5 $16) 28. axb4 Ra6 29. e6 fxe6 30. hxg6 Bxd5 $6 (30... Qxg6
$142 31. Rh6 Qg3 32. Qa3 $40) 31. gxh7+ Kf7 32. Qb1 $18 (32. Rxd5 $2 exd5 33.
h8=Q Rxh8 34. Rxh8 Qe5) 32... Rc6+ 33. Bc5 Qf6 34. Qd3 Rh8 35. Kb1 Rxc5 36.
bxc5 c6 37. Ka1 1-0

[Event "Dresden zt 1.2"]
[Site "Dresden"]
[Date "1998.05.03"]
[Round "6"]
[White "Cvitan, Ognjen"]
[Black "Sermek, Drazen"]
[Result "1-0"]
[WhiteElo "2560"]
[BlackElo "2510"]
[Annotator "Huzman,A"]
[PlyCount "125"]
[EventDate "1998.04.28"]
[EventType "swiss"]
[EventRounds "11"]
[EventCountry "GER"]
[SourceTitle "CBM 065"]
[Source "ChessBase"]
[SourceDate "1998.08.06"]
[SourceVersion "1"]
[SourceVersionDate "1998.08.06"]
[SourceQuality "1"]

1. d4 d5 2. c4 dxc4 3. e3 c5 4. Bxc4 cxd4 5. exd4 Qc7 6. Qb3 e6 7. Nc3 Nf6 8.
Nf3 Nc6 9. O-O Bd7 10. Be2 Be7 11. Bg5 O-O 12. Rac1 Qb6 13. Qxb6 axb6 14. Rfd1
Rfd8 15. a3 Be8 16. Be3 Nd5 17. Nxd5 exd5 18. Bf4 Bd6 19. Bxd6 Rxd6 20. Rc3 f6
21. Kf1 Kf8 22. Rb3 Na5 23. Rc3 Nc6 24. h4 Bg6 25. Ng1 Re8 26. f3 Rde6 27. Kf2
Ke7 28. Nh3 Kd6 29. Nf4 R6e7 30. Bb5 Bf7 31. Rdc1 Rc8 32. Bd3 g6 33. Rb3 Nxd4
34. Rxb6+ Rc6 35. Rcxc6+ bxc6 36. Ra6 g5 37. hxg5 fxg5 38. Ne2 Nxe2 39. Bxe2 d4
40. Bd3 Bg6 41. Bb5 Kc5 42. Bxc6 d3 43. b4+ Kc4 44. Ba4 Re2+ 45. Kg3 Ra2 46. b5
Be8 $4 {Schwarz hätte viele Möglichkeiten, Remis zu halten, aber er spielt
ausgerechnet den Zug, der todsicher verliert.} (46... Kd4 $142 $11 {Comp Fritz8
}) (46... Kc5 $142 $11 {Comp Fritz8}) (46... Rb2 $142 $11 {Comp Fritz8}) {
[%tqu "En","Find crushing idea for the white.","","","b5b6","",10]} 47. b6 d2 (
47... Bxa4 {Comp Fritz8} 48. Rxa4+ Kc3 (48... Kb3 49. Rb4+ Kxa3 50. Rb1 $18 {
[%cal Gb6b8]}) 49. Rb4 $18 {[%cal Gb6b8]}) {[%tqu "En","So,what the idea of
the previous whites move.","","","a4b3","",10]} 48. Bb3+ Kxb3 49. b7 d1=Q 50.
b8=Q+ Kc3 $2 (50... Kc2 $142 $18 {leistet mehr Widerstand.} 51. Qxe8 {Comp
Fritz8} Qd4 {[%cal Rd4h4]} 52. Qe2+ Kb1 $18) 51. Qxe8 $2 (51. Qc8+ $142 $1 {
Comp Fritz8} Kb2 52. Rb6+ $18 {gewinnt sofort, denn auf} Kxa3 $2 ({oder} 52...
Ka1 $2 53. Qc3+ $18) (52... Qb3 53. Rxb3+ Kxb3 54. Qxe8 $18) {folgt} 53. Qc3+
$18 {nebst Matt.}) 51... Re2 52. Qc6+ Kb2 53. Rb6+ Ka2 54. Qc4+ Ka1 55. Qc3+
Ka2 56. Kh2 h5 57. Qc4+ Ka1 58. Qc3+ Ka2 59. Rb4 Rc2 60. Qb3+ Ka1 61. Qe3 g4
62. fxg4 hxg4 63. Qd4+ 1-0

[Event "Harplinge"]
[Site "Harplinge"]
[Date "1998.08.22"]
[Round "8"]
[White "Sjodahl, Pontus"]
[Black "Lautier, Joel"]
[Result "0-1"]
[WhiteElo "2420"]
[BlackElo "2625"]
[Annotator "Huzman,A"]
[PlyCount "94"]
[EventDate "1998.08.15"]
[EventType "tourn"]
[EventRounds "9"]
[EventCountry "SWE"]
[EventCategory "12"]
[SourceTitle "CBM 067"]
[Source "ChessBase"]
[SourceDate "1998.11.30"]
[SourceVersion "2"]
[SourceVersionDate "1998.11.01"]
[SourceQuality "1"]

1. d4 d5 2. c4 dxc4 3. e4 Nc6 4. Nf3 Bg4 5. d5 Ne5 6. Bf4 Ng6 7. Be3 e5 8. Nc3
(8. Bxc4 a6 9. h3 (9. O-O Nf6 10. Be2 Bd6 11. Nfd2 Bd7 12. Nc3 O-O 13. a3 Qe7
14. Nc4 Bc5 15. Bg5 Qd8 16. Rc1 Bd4 $11 {Yakovich,Y-Kharlov,A/EUCup f 1997/0-1
(54)}) 9... Bd7 10. h4 Bd6 11. h5 N6e7 12. h6 gxh6 13. Nc3 Ng6 14. Qd2 Qe7 15.
O-O-O O-O-O 16. Kb1 Nf6 17. Qe2 Rdg8 18. Nd2 Ng4 $132 {1/2-1/2 Alterman,
B-Nikolic,N/Zagreb zt 1993 (31)}) 8... a6 (8... Nf6 9. Bxc4 Bd6 10. h3 Bd7 11.
Qc2 O-O 12. O-O-O a6 13. Rhe1 Qe7 14. Kb1 Rfc8 15. Bf1 b5 16. Nd2 c5 $11 {
Boensch,U-Gofshtein,L/Herzliya 1993/1-0 (50)}) 9. Bxc4 (9. h3 Bxf3 10. Qxf3 b5
$17) 9... Nh4 {[%cal Yh4g2]} 10. Rg1 (10. O-O Bxf3 11. gxf3 Qf6 12. Kh1 Qxf3+
13. Qxf3 Nxf3 $17) 10... Bd6 (10... Bxf3 $2 11. gxf3 $36 {[%cal Gg1g7]}) 11.
Be2 Bd7 12. Nd2 (12. Qb3 $142 b5 13. O-O-O $32) 12... Nf6 13. g3 (13. Nc4 b5
14. Nxd6+ cxd6 15. Qb3 O-O 16. O-O-O Rc8 $132) 13... Ng6 14. h4 (14. Qb3 b5
$132 {[%cal Yc7c5]}) 14... h5 15. Bg5 $2 (15. Qb3 $142 b5 16. O-O-O $13) 15...
Bc5 $1 {[%csl Rd4,Rf2,Rg1][%cal Yc5g1]} 16. Nb3 Bb6 17. Rg2 a5 $1 18. a3 (18.
a4 Qe7 {[%csl Rb3,Re4][%cal Ye7b4,Yb4e4,Yf6e4]}) 18... a4 19. Nd2 Bd4 {[%csl
Re4]} 20. Bxh5 c5 $1 {[%cal Yb7b4]} 21. Be2 Qa5 22. Bxf6 (22. Rc1 b5 $44 {
[%cal Yb5b4]}) 22... gxf6 23. Rc1 b5 24. Bg4 (24. h5 Ne7 {[%cal Ye7c8,Yc8d6]}
25. d6 $1 {[%cal Gc3d5]} Ng8 (25... Nc8 26. Nd5 Nxd6 27. Nxf6+ Kd8 28. Nxd7
Kxd7 $44)) 24... Nf8 25. Rc2 Rg8 26. Bxd7+ Nxd7 27. Qf3 (27. Ne2 $5) 27... Rb8
{[%cal Yb5b4]} 28. h5 $2 (28. Ne2 $142) 28... b4 29. Nc4 (29. Nd1 bxa3 30. Qxa3
(30. bxa3 Rb3 $17) 30... Rb3 31. Qa2 Ke7 $36) 29... Qa6 30. Nd1 bxa3 31. bxa3 (
31. Qxa3 Rb3 32. Qa2 Kf8 $44 {[%csl Ra2]}) 31... Rb3 32. Qe2 Kf8 {[%csl Ra3]
[%cal Yd7b6]} 33. h6 Nb6 34. Nxb6 Qxb6 35. Rh2 f5 36. h7 Rh8 37. exf5 Rxa3 {
Past black's pawn appears to be more dangerous then its white colleague,due to
better position of its pieces} 38. Kf1 Ra1 39. Kg2 a3 40. Qd2 Qd6 41. Nc3 a2
42. Rh6 Qd8 43. Ra6 Rxh7 44. Qd3 Qg5 45. Qe4 Rhh1 46. Kf3 Rae1 47. f6 a1=Q 0-1